|
|
|
|
| LEADER |
00000nab a2200000 a 4500 |
| 001 |
vtls000748422 |
| 003 |
SK-MaSNL |
| 005 |
20260304122421.0 |
| 008 |
250429c2000 xo 0 slo |
| 015 |
|
|
|a SNBRB2001/04-10324
|
| 035 |
|
|
|a CLN000100247
|
| 035 |
|
|
|a urn:nbn:sk:snk-abl7x
|
| 035 |
|
|
|a (urnnbn)urn:nbn:sk:snk:ar-a03x33
|
| 035 |
|
|
|a (uuid)66dacd3f-87a9-4518-8719-74ca38724eda
|
| 040 |
|
|
|a SNKBUCL
|b slo
|c SNKBUCL
|e AACR2
|
| 041 |
0 |
|
|a slo
|
| 044 |
|
|
|a xo
|c SK
|
| 080 |
|
|
|a 616.921.5-035.4-085:615.015.32
|2 1997
|
| 080 |
|
|
|a 615.015.32
|2 1997
|
| 100 |
1 |
|
|a Sidorová, Katarína
|4 aut
|9 278264
|
| 245 |
1 |
0 |
|a Účinná prevencia a liečba chrípky
|
| 650 |
0 |
7 |
|a chrípka
|x liečba
|x prevencia
|2 snkbucl
|9 1428858
|
| 650 |
0 |
7 |
|a homeopatiká
|2 snkbucl
|9 19060
|
| 650 |
0 |
7 |
|a Oscillococcinum (liek)
|2 snkbucl
|9 1428859
|
| 650 |
0 |
7 |
|a Paragrippe (liek)
|2 snkbucl
|9 1428860
|
| 650 |
0 |
7 |
|a látky antivírusové
|2 snkbucl
|9 946882
|
| 650 |
0 |
7 |
|a homeopatia
|x metódy
|2 snkbucl
|9 1428861
|
| 650 |
0 |
7 |
|a chrípka
|x prevencia a kontrola
|x farmakoterapia
|2 snkbucl
|9 1428862
|
| 655 |
|
7 |
|a články z novín a časopisov
|2 snkbucl
|9 267496
|
| 773 |
0 |
|
|t Lekárnické listy
|g Roč. 2, č. 1-2 (2000), s. 25
|x 1335-5821
|
| 850 |
|
|
|a Slovenská národná knižnica
|
| 852 |
|
|
|a Slovenská národná knižnica
|
| 954 |
|
|
|a odborná, vedecká literatúra pôvodná (slovenská)
|2 lita
|
| 958 |
|
|
|a article27
|
| 958 |
|
|
|a OND
|
| 958 |
|
|
|a MI
|
| 958 |
|
|
|a EUIPO
|
| 992 |
|
|
|a RBX
|
| 999 |
|
|
|c 2888405
|d 2890335
|